000 00453pab a2200157 454500
008 180718b003 xxu||||| |||| 00| 0 eng d
100 _aMarks, Gary N.
245 _aDeclining inequality? The changing impact of socio-economic background and ability on education in Australia
260 _c003
300 _ap.453-71.
362 _aDec
650 _aEducation
700 _aMcMillan, Julie
773 _aBritish Journal of Sociology
909 _a59073
999 _c59073
_d59073